Introduction to environmental geology / (Record no. 1580)

MARC details
000 -LEADER
fixed length control field 00594cam a2200181 4500
001 - CONTROL NUMBER
control field 2030
005 - DATE AND TIME OF LATEST TRANSACTION
control field 20181127164429.0
008 - FIXED-LENGTH DATA ELEMENTS--GENERAL INFORMATION
fixed length control field 091116s2011 njuab b 001 0 eng
020 ## - INTERNATIONAL STANDARD BOOK NUMBER
International Standard Book Number 0132251507
International Standard Book Number 9780132251507
100 1# - MAIN ENTRY--PERSONAL NAME
Personal name Keller, Edward A.,
Dates associated with a name 1942-
245 10 - TITLE STATEMENT
Title Introduction to environmental geology /
Statement of responsibility, etc. Edward A. Keller.
250 ## - EDITION STATEMENT
Edition statement 7th ed.
260 ## - PUBLICATION, DISTRIBUTION, ETC.
Place of publication, distribution, etc. Upper Saddle River, N.J. :
Name of publisher, distributor, etc. Pearson Prentice Hall,
Date of publication, distribution, etc. 2008.
300 ## - PHYSICAL DESCRIPTION
Extent v.
Other physical details ill. (some col.), col. maps ;
Dimensions 29 cm.
504 ## - BIBLIOGRAPHY, ETC. NOTE
Bibliography, etc. note Includes bibliographical references and index.
650 #0 - SUBJECT ADDED ENTRY--TOPICAL TERM
Topical term or geographic name entry element Environmental geology
Form subdivision Textbooks.
Holdings
Withdrawn status Lost status Source of classification or shelving scheme Damaged status Not for loan Collection code Home library Current library Shelving location Serial Enumeration / chronology Inventory number Total Checkouts Full call number Barcode Date last seen Price effective from Koha item type
    Dewey Decimal Classification     Main TEST RTC Library RTC Library Main opac 733   551 KEL 30003195 27/11/2018 27/11/2018 Main
Royal Thimphu College || All Right Reserved